| 000 | 00355nam a22001571a 4500 | ||
|---|---|---|---|
| 020 | _a9788190389211 | ||
| 082 |
_aH1 _bPAY/T |
||
| 100 | _aPayal Kumawat | ||
| 245 |
_aTejasvini/ _cby Payal Kumawat |
||
| 260 |
_aUdaypur: _bNidhi, _c2009. |
||
| 300 | _a88p. | ||
| 650 | _aPoetry Hindi | ||
| 650 | _aLiterature Hindi | ||
| 650 | _aLiterature | ||
| 942 | _cBK | ||
| 999 |
_c46331 _d46331 |
||